Giáo trình điều tra hình sự
Bewaard in:
| Formaat: | Boek |
|---|---|
| Taal: | Undetermined |
| Gepubliceerd in: |
Hà Nội
Đại học Quốc gia Hà Nội
1995
|
| Onderwerpen: | |
| Tags: |
Voeg label toe
Geen labels, Wees de eerste die dit record labelt!
|
| Thư viện lưu trữ: | Trung tâm Học liệu Trường Đại học Cần Thơ |
|---|
| LEADER | 00498nam a2200169Ia 4500 | ||
|---|---|---|---|
| 001 | CTU_23827 | ||
| 008 | 210402s9999 xx 000 0 und d | ||
| 082 | |a 345 | ||
| 082 | |b Gi108 | ||
| 245 | 0 | |a Giáo trình điều tra hình sự | |
| 260 | |a Hà Nội | ||
| 260 | |b Đại học Quốc gia Hà Nội | ||
| 260 | |c 1995 | ||
| 650 | |a Criminal law,Criminal procedure | ||
| 650 | |z Vietnam | ||
| 904 | |i Phượng, Hải | ||
| 980 | |a Trung tâm Học liệu Trường Đại học Cần Thơ | ||